<?xml version="1.0" encoding="UTF-8"?>
<marc:record xmlns:marc="http://www.loc.gov/MARC21/slim">
   <marc:leader>00000nam a2200000 a 4500</marc:leader>
   <marc:datafield ind1=" " ind2=" " tag="653">
      <marc:subfield code="a">CD</marc:subfield>
   </marc:datafield>
   <marc:datafield ind1="0" ind2="0" tag="245">
      <marc:subfield code="a">Lieder und Musikbeispiele zu "Du magst mich" Religion 1</marc:subfield>
   </marc:datafield>
   <marc:datafield ind1=" " ind2="1" tag="264">
      <marc:subfield code="b">Religionspädagogisches Institut d. Diözese St.Pölten</marc:subfield>
      <marc:subfield code="c">2002</marc:subfield>
   </marc:datafield>
   <marc:datafield ind1="1" ind2=" " tag="520">
      <marc:subfield code="a">1-16 Kinderchor St.Thekla. Leitung und Arrangements: Stephan Kerschbaum
17-22 Livemitschnitte Chor der RPA Wien, Chor des BORG Hegelgasse, Instrumentalensemble, Klavier: Reinhard Amon, Leitung: Hans Hausreither

1 Hallo Du; 2 Playback; 3 Du hast uns deine Welt geschenkt; 4 Playback; 5 Liebt einander; 6 Playback; 7 Tragt zu den Menschen; 8 Playback; 9 Alle singen Halleluja; 10 Playback; 11 Wenn einer sagt; 12 Playback; 13 In Jerusalem; 14 Playback; 15 Ich lobe meinen Gott; 16 Playback; 17 "Licht" aus: "Die Schöpfung" (J.Haydn); 18 "Wasser" aus: "Die Schöpfung" (J.Haydn); 19 "Halleluja" aus: "Der Messias" (G.F. Händel)</marc:subfield>
   </marc:datafield>
</marc:record>
